[Event "Manizales Las Americas op-C"]
[Site "Manizales"]
[Date "2021.10.17"]
[Round "6"]
[White "Espinoza Balza, Abril Nathaly"]
[Black "Londono Tejedor, Leidy Johana"]
[Result "0-1"]
[WhiteElo "1176"]
[BlackElo "1472"]
[PlyCount "71"]
[EventDate "2021.10.14"]
[EventType "swiss"]
[EventRounds "9"]
[EventCountry "COL"]
[SourceTitle "EXT 2023"]
[Source "ChessBase"]
[SourceDate "2022.10.05"]
[SourceVersion "1"]
[SourceVersionDate "2022.10.05"]
[SourceQuality "1"]

1. e4 e6 2. d4 d5 3. exd5 exd5 4. c4 Bb4+ 5. Nc3 Nf6 6. Nf3 0-0 7. h3 dxc4 8. Bxc4 c5 9. 0-0 Nc6 10. Be3 Na5 11. Bd3 Bxc3 12. bxc3 c4 13. Bc2 Nd5 14. Qd2 b5 15. Rab1 a6 16. Rfe1 Re8 17. Ng5 g6 18. Ne4 Bf5 19. Bg5 Qd7 20. Nf6+ Nxf6 21. Bxf6 Qd6 22. Be5 Rxe5 23. Rxe5 Nc6 24. Re2 Bd7 25. Rbe1 Kg7 26. d5 Na5 27. Qg5 h6 28. Qe5+ Qf6 29. Qxf6+ Kxf6 30. Re7 Rd8 31. f4 Nb7 32. g4 Nc5 33. g5+ hxg5 34. fxg5+ Kg7 35. Kg2 Nd3 36. Rf1 0-1

[Event "Central America Carribean-ch U20 Girls"]
[Site "Pereira"]
[Date "2021.09.22"]
[Round "2"]
[White "Olier Robayo, Mishelle Dayana"]
[Black "Espinoza Balza, Abril Nathaly"]
[Result "0-1"]
[WhiteElo "1397"]
[BlackElo "1084"]
[PlyCount "78"]
[EventDate "2021.09.21"]
[EventType "swiss"]
[EventRounds "9"]
[EventCountry "COL"]
[SourceTitle "EXT 2023"]
[Source "ChessBase"]
[SourceDate "2022.10.05"]
[SourceVersion "1"]
[SourceVersionDate "2022.10.05"]
[SourceQuality "1"]

1. e4 e5 2. Bc4 Nf6 3. d3 c6 4. Bb3 d5 5. Qe2 Bd6 6. Nd2 Na6 7. c3 Nc5 8. Bc2 a5 9. h3 Be6 10. Ngf3 Qc7 11. 0-0 dxe4 12. Nxe4 Ncxe4 13. dxe4 h6 14. c4 0-0-0 15. Be3 g5 16. g4 h5 17. Nxg5 hxg4 18. c5 Be7 19. Nxe6 fxe6 20. Qc4 gxh3 21. Qxe6+ Kb8 22. Kh2 Nh5 23. Rad1 Nf4 24. Rxd8+ Bxd8 25. Bxf4 exf4 26. e5 f3 27. Be4 Rf8 28. Rd1 Qg7 29. Rg1 Qh8 30. Bg6 Bc7 31. Rg5 Qh4 32. Rg3 Qf4 33. Kh1 Bxe5 34. Qe7 h2 35. b3 Qc1+ 36. Kxh2 Rh8+ 37. Bh7 Qh6+ 38. Kg1 Bxg3 39. fxg3 Qxh7 0-1

[Event "Pereira op-B"]
[Site "Pereira"]
[Date "2021.02.26"]
[Round "2"]
[White "Santos Moreno, Alfredo Alejandro"]
[Black "Espinoza Balza, Abril Nathaly"]
[Result "1-0"]
[WhiteElo "1589"]
[BlackElo "1080"]
[PlyCount "65"]
[EventDate "2021.02.25"]
[EventType "swiss"]
[EventRounds "7"]
[EventCountry "COL"]
[SourceTitle "EXT 2022"]
[Source "ChessBase"]
[SourceDate "2021.10.06"]
[SourceVersion "1"]
[SourceVersionDate "2021.10.06"]
[SourceQuality "1"]

1. d4 Nf6 2. c4 g6 3. Nf3 Bg7 4. e3 0-0 5. Bd3 d6 6. 0-0 e5 7. dxe5 dxe5 8. Nxe5 Re8 9. Nf3 Bg4 10. Be2 Nc6 11. Nbd2 Ne4 12. h3 Nxd2 13. Bxd2 Bxf3 14. Bxf3 Bxb2 15. Rb1 Ba3 16. Rxb7 Ne5 17. Be2 c5 18. Bc3 Nc6 19. Qa1 Re7 20. Bf3 Rc8 21. Bf6 Qd6 22. Bxc6 Rxb7 23. Bxb7 Rb8 24. Rd1 Qb6 25. Bf3 Bb2 26. Bxb2 Qxb2 27. Qxb2 Rxb2 28. Ra1 Rc2 29. Bd5 Kg7 30. a4 a5 31. Rb1 Ra2 32. Bc6 Rc2 33. Bb5 1-0